01221nam a2200217 i 4500003000900000005001700009007000300026008004100029020001800070040003100088082001300119245003700132264003400169300002600203336002700229337003300256338002800289500007000317520057600387710004000963DO-SdBNP20240820143426.0ta240813b2024 dr |||| |||| 00| 0 spa d a9789945945904 aDO-SdBNPbspacBNPHU erda 222bB45310aPardavelito /cBelié Beltrán 1aSanto Domingo :bUME, c2024. a155 páginasc19 cm. 2rdacontentatextobtxt 2rdamediaasin mediaciónbn 2rdacarrieravolumenbnc aIncluye datos biografícos del autor en la solapa de la portada. aEn Pardavelito, Belié Beltrán nos invita a un viaje a través de historias intensas y conmovedoras que exploran los rincones más oscuros y fascinantes de la existencia humana. A través de una narrativa intrincada y envolvente, el autor nos sumerge en un mundo donde la realidad se mezcla con la ficción, creando un tapiz de emociones que oscilan entre la desesperanza y la redención. Los personajes, atrapados en situaciones límite, revelan sus miedos y deseos más profundos, al tiempo que luchan por encontrar un sentido a sus vidas en medio del caos.  aÚltimos Monstruos Editores (UME).